| 000 | 00000nam 22000008a 4500 |
| 001 | 9.834725 |
| 003 | CaOODSP |
| 005 | 20240527135430 |
| 007 | cr ||||||||||| |
| 008 | 170404s2017 quc o f00| 0 eng d |
| 020 | |a978-0-660-08179-3 |
| 040 | |aCaOODSP|beng |
| 043 | |an-cn--- |
| 086 | 1 |aCW66-545/2017E-PDF |
| 245 | 00|aRestoration of the Lake sturgeon in the lower range of the Saint-François River in the Centre-du-Québec project 2014-2015 |h[electronic resource]. |
| 260 | |a[Gatineau, Quebec] : |bEnvironment and Climate Change Canada, |c[2017]. |
| 300 | |a[1] p. |
| 500 | |aIssued also in French under title: Restauration de l'esturgeon jaune dans le secteur inférieur de la rivière Saint-François dans le Centre-du-Québec projet 2014-2015. |
| 500 | |aCaption title. |
| 500 | |a"Aboriginal Fund for Species at Risk - Species at Risk Stream." |
| 692 | 07|2gccst|aHabitats |
| 692 | 07|2gccst|aFisheries |
| 692 | 07|2gccst|aEndangered species |
| 710 | 2 |aCanadian Wildlife Service. |
| 775 | 08|tRestauration de l'esturgeon jaune dans le secteur inférieur de la rivière Saint-François dans le Centre-du-Québec projet 2014-2015 |w(CaOODSP)9.834726 |
| 856 | 40|qPDF|s364 KB|uhttps://publications.gc.ca/collections/collection_2017/eccc/CW66-545-2017-eng.pdf |